000 01254cam a2200133 4500500
005 20251214003231.0
041 _afre
042 _adc
100 1 0 _aNicolas, Serge
_eauthor
245 0 0 _aLa psychologie cognitive
260 _bArmand Colin,
_c2003.
520 _aLa psychologie cognitive a pour objet l'étude des grandes fonctions psychologiques. Dans les études de psychologie, cette discipline occupe aujourd'hui une place de plus en plus importante.L'ouvrage s'articule autour de trois grands thèmes majeurs : la perception, la mémoire et le langage. La nouveauté de ce livre réside dans son actualité concernant les principaux thèmes d'étude de la psychologie cognitive mais aussi dans le poids accordé à la méthode : on trouvera là un exposé complet et tout à fait inédit de la méthodologie expérimentale en psychologie.Ce manuel d'initiation s'adresse aussi bien à des étudiants peu au fait de la discipline qu'à ceux qui disposent déjà de quelques bases en ce domaine ; il sera également de profit pour tous ceux qui portent intérêt aux développements actuels de ce champ de la psychologie.
856 4 1 _uhttps://shs.cairn.info/la-psychologie-cognitive--9782200261894?lang=fr&redirect-ssocas=7080
999 _c1567625
_d1567625